Đại cương lịch sử Việt Nam Tập 3 (1945 - 1995)
Việt Nam trong thời kì kháng chiến chống thực dân Pháp xâm lược và xây dựng nền tảng dân chủ cộng hòa. Việt Nam trong thời kì xây dựng miền Bắc và đấu tranh đề thống nhất đất nước (1954 -1975)...
সংরক্ষণ করুন:
| প্রধান লেখক: | |
|---|---|
| অন্যান্য লেখক: | |
| বিন্যাস: | গ্রন্থ |
| ভাষা: | Vietnamese |
| প্রকাশিত: |
H.
Giáo dục
1998
|
| বিষয়গুলি: | |
| ট্যাগগুলো: |
ট্যাগ যুক্ত করুন
কোনো ট্যাগ নেই, প্রথমজন হিসাবে ট্যাগ করুন!
|
| Thư viện lưu trữ: | Mạng thư viện Đại học Đà Nẵng |
|---|
| LEADER | 01507nam a2200373 4500 | ||
|---|---|---|---|
| 001 | 000009852 | ||
| 003 | 6050 | ||
| 005 | 20120528160524.0 | ||
| 008 | 111103s1998 viesd | ||
| 020 | |c 32000đ | ||
| 041 | 0 | |a vie | |
| 082 | |a 959.7 |b LÊ-H | ||
| 100 | 0 | |a Lê Mậu Hãn | |
| 245 | 1 | 0 | |a Đại cương lịch sử Việt Nam |c Lê Mậu Hãn (chủ biên), Trần Bá Đệ, Nguyễn Minh Thư |n Tập 3 |p (1945 - 1995) |
| 260 | |a H. |b Giáo dục |c 1998 | ||
| 300 | |a 339tr. |c 24cm | ||
| 504 | |a Mục lục tr338 | ||
| 520 | |a Việt Nam trong thời kì kháng chiến chống thực dân Pháp xâm lược và xây dựng nền tảng dân chủ cộng hòa. Việt Nam trong thời kì xây dựng miền Bắc và đấu tranh đề thống nhất đất nước (1954 -1975)... | ||
| 653 | |a Đại cương | ||
| 653 | |a lịch sử | ||
| 653 | |a Việt Nam | ||
| 700 | |a Trần Bá Đệ |a Nguyễn Văn Thư |e Biên soạn | ||
| 773 | |t Đại cương lịch sử Việt Nam |w 6047 | ||
| 910 | |a Thương |d 03/11/2011 | ||
| OWN | |a LSP | ||
| AVA | |a UDN50 |b LSP |d 959.7 LÊ-H |e available |t Error 5001 Not defined in file expand_doc_bib_avail. |f 7 |g 0 |h N |i 0 |k 1 | ||
| 999 | |a From the UDN01 | ||
| AVA | |a UDN50 |b LSP |d 959.7 LÊ-H |e available |t Error 5001 Not defined in file expand_doc_bib_avail. |f 7 |g 0 |h N |i 0 |k 1 | ||
| TYP | |a Monograph | ||
| TYP | |a Printed language | ||
| 980 | |a Mạng thư viện Đại học Đà Nẵng | ||